zpět

Detail výsledku týmu

U Lucerny ST, Brno

Datum a čas kvízu

34 Celkem bodů Celkový počet nahraných bodů na tomto kvízu bez doplňovacích otázek.
5. Pořadí na kvízu Konečné umístění týmu na tomto kvízu.

Zaznamenané odpovědi

# Otázka Odpověď Body Výsledky
1. Bývalý fotbalista Tomáš Řepka... 2,5 roku 1
2. Bílý dům chtěl po americkém ná... John McCain 1
3. V úterý byly před zlínským Vel... Helena Vondráčková, Jan Hrušínský 0
4. V úterý byl vyhlášen v České r... Den daňové svobody 1
5. Jeden z fanoušků letošního vít... (Škoda) Favorit 1
6. Začneme samotným slovem vzduch... povětří 0
7. Kvalitě vzduchu v restauracích... 2. čtvrtletí 2017 1
8. Že má tento přístroj něco spol... anemometr 0
9. Černé soustředné čáry na mapě... hektopascal (hPa) 0
10. Vítr je zjednodušeně řečeno po... meteorismus 1